La palabra de Dios: Homilías

Salvato in:
Dettagli Bibliografici
Autore principale: Evely, Louis (Autore)
Natura: Libro
Lingua:spagnolo
Pubblicazione: Salamanca Sígueme 1967
Edizione:6a. ed
Serie:Colección Hinneni, 46
Soggetti:
Tags: Aggiungi Tag
Nessun Tag, puoi essere il primo ad aggiungerne!!

MARC

LEADER 00000nam a2200000 a 4500
001 UCJ2793
003 CL-VaPUC
008 070112e19670000SP |||||||||||||||||spa|d
082 0 4 |a 252  |b EVE  |2 21 
100 0 |a Evely, Louis  |e author  |9 503759 
245 1 3 |a La palabra de Dios: Homilías 
250 |a 6a. ed 
300 |a 414 p 
942 |c BK 
945 |d 20070112 00:00:00  |a lvergara 
260 |a Salamanca  |b Sígueme  |c 1967 
650 0 |a Homilías  |9 366132 
650 7 |a MENSAJES  |2 CL-VaPUC  |9 335531 
650 7 |a LITURGIA  |2 CL-VaPUC  |9 503760 
650 0 |a Meditaciones  |9 309833 
650 0 |a Catolicismo  |9 258690 
650 7 |a PASTORAL  |2 CL-VaPUC  |9 397996 
650 7 |a SERMONES  |2 CL-VaPUC  |9 317687 
650 0 |a Homilética  |9 478090 
650 0 |a Predicación  |9 398079 
650 0 |a Biblia  |9 257603 
650 0 |a Vida cristiana  |9 258753 
583 |a last modification  |c 20070112 00:00:00  |k Rodrigo Vera 
490 0 |a Colección Hinneni, 46 
999 |c 318923  |d 318921 
952 |0 0  |1 0  |4 0  |6 252_000000000000000_EVE_1967  |7 0  |8 A  |9 397138  |a BIBTEO  |b BIBTEO  |d 2019-11-22  |i 4244850  |o 252 EVE 1967  |p 4244850  |r 2025-01-17  |w 2019-11-22  |y BK  |k ICR